Drake And the elizabethan explorers

Guardat en:
Dades bibliogràfiques
Autor principal: Guy, John (Autor)
Format: Llibre
Idioma:anglès
Publicat: Londres Ticktock 1998
Col·lecció:Snapping-Turtle Guide. Great Explorers
Matèries:
Etiquetes: Afegir etiqueta
Sense etiquetes, Sigues el primer a etiquetar aquest registre!

MARC

LEADER 00000nam a2200000 a 4500
001 UCM2030
003 CL-VaPUC
008 020419e19980000uk |||||||||||||||||eng|d
082 0 4 |a 940.052  |b GUY  |2 21 
100 |a Guy, John  |e author  |9 569645 
245 1 0 |a Drake And the elizabethan explorers 
300 |a 31 p 
942 |c BK 
945 |d 20020419 00:00:00  |a cmena 
260 |a Londres  |b Ticktock  |c 1998 
600 0 |a Drake, Francis  |9 468873 
650 7 |a EXPLORADORES EUROPEOS  |2 CL-VaPUC  |9 468874 
650 7 |a CORSARIOS INGLESES  |2 CL-VaPUC  |9 468875 
583 |a last modification  |c 20171218 06:12:19  |k Rodrigo Vera 
490 0 |a Snapping-Turtle Guide. Great Explorers 
999 |c 300119  |d 300117 
952 |0 0  |1 0  |4 0  |6 940_052000000000000_GUY_1998  |7 0  |8 A  |9 357449  |a BIBHIS  |b BIBHIS  |d 2019-11-21  |i 3807010  |o 940.052 GUY 1998  |p 3807010  |r 2025-01-20  |w 2019-11-21  |y BK  |k HIS